000 00573nam a22002177a 4500
003 UA-OsUOA
001 105830
007 ta
008 20140407b un ||||| |||| 00| 0 ukr d
100 _aБурченя В.
090 _a908
_bБ91
942 _cSA
040 _aUA-OsUOA
_bukr
_cUA-OsUOA
_dUA-OsUOA
245 _aСергій Рибачок: "Свою роль оцінюю як кризового менеджера"
300 _aС.3
955 _a0
041 _aukr
080 _a908
773 0 _w105829
650 7 _a908 Краєзнавство
_2UDC
999 _c392191
_d392191